000 00295nam a2200121Ia 4500
008 190216s9999||||xx |||||||||||||| ||und||
100 _aKrishna Iyer
245 0 _aKeralathintae Sambath Vyavastha
260 _bKerala Bhasha Institute
_c1975
300 _a927p
650 _aEconomics
942 _cBK
999 _c9287
_d9287